000 00894nam a2200253Ia 4500
003 OSt
005 20221005111636.0
006 a|||||r|||| 00| 0
007 ta
008 221004b |||||||| |||| 00| 0 hin d
024 _a30679
037 _cTextual
040 _aCRL
_cCRL
_bhin
041 _2hin
_ahin
082 _aV21.J, 152M6
100 _aशास्त्री, नीलकंठ के. ए.
245 0 _aदक्षिण भारत का इतिहास
246 _aDakṣhiṇ bhārat kā itihāsa
250 _aद्वितीय संस्करण
260 _aपटना
_bबिहार हिन्दी ग्रंथ अकादमी भारत
_c1986
300 _a428पृ.
_ccm.
942 _hV21.J, 152M6
_cTEXL
_2cc
999 _c1022433
_d1022433